000
00242nam a2200109Ia 4500
008
170627s9999 xx 000 0 und d
100
_a
SENGUPTA- N.K.
245
0
_a
GOVERNMENT AND BUSINESS
260
_b
VIKAS
260
_c
2005
546
_a
ENGLISH
690
_a
BUSINESS
999
_c
35342
_d
35342